000 00739 a2200217 4500
999 _c6596
_d6596
020 _a9780521183413
050 0 0 _aR 724 BRE 2010
100 _aBreen, Kerry J
_eauthor
245 0 0 _aGood medical practice :
_bprofessionalism, ethics and law /
_cKerry J. Breen ... [et al.].
264 _aNew York :
_bCambridge University Press,
_c2010
300 _a424p.:
500 _aIncludes bibliographical references and index
504 _aIncludes bibliographical references and index
650 0 _aMedical ethics
650 0 _aMedical laws and legislation
650 0 _aPhysicians
_xProfessional ethics.
650 1 2 _aEthics, Medical
650 1 2 _aLegislation, Medical
700 1 _aBreen, Kerry J.
_eauthor
942 _2lcc
_cBK
_h724
_iBRE
_kR